Race-to-Nine Word Puzzle #13 - Statistics

General Stats
  • This quiz has been taken 3,043 times
  • The average score is 4 of 7
Answer Stats
# Answer % Correct
3 Nos, Ons, Son
100%
4 Cons
98%
5 Cions, Coins, Icons, Scion, Sonic
95%
6 Cousin
63%
7 Suction
32%
8 Conduits, Discount, Noctuids
23%
9 Custodian
11%
No matching quizzes found
Score Distribution
Percent of People with Each Score
Percentile by Number Answered
Your Score History
You have not taken this quiz